[Event "Canadian op U2200"]
[Site "Sault Ste Marie"]
[Date "2017.07.15"]
[Round "8"]
[White "Groot Lipman, Jeff"]
[Black "Kuttner, Simon"]
[Result "0-1"]
[WhiteElo "1909"]
[BlackElo "2040"]
[PlyCount "144"]
[EventDate "2017.07.11"]
[EventType "swiss"]
[EventRounds "9"]
[EventCountry "CAN"]
[SourceTitle "EXT 2022"]
[Source "ChessBase"]
[SourceDate "2021.10.06"]
[SourceVersion "1"]
[SourceVersionDate "2021.10.06"]
[SourceQuality "1"]

1. e4 c5 2. Nf3 Nc6 3. d4 cxd4 4. Nxd4 g6 5. c4 Bg7 6. Be3 Nf6 7. Nc3 0-0 8. Be2 d6 9. 0-0 Nxd4 10. Bxd4 Bd7 11. f3 Bc6 12. Qd2 Nd7 13. Bxg7 Kxg7 14. Rad1 a5 15. f4 Nc5 16. f5 Qb6 17. Kh1 Nxe4 18. Nxe4 Bxe4 19. f6+ exf6 20. Qf4 f5 21. Rxd6 Qxb2 22. Rd2 Qc3 23. Rfd1 Rae8 24. Kg1 Bc6 25. Kf2 Qe5 26. Qxe5+ Rxe5 27. Rb1 Rc8 28. g3 Kf8 29. Rb6 Re7 30. Rbb2 Ke8 31. Rb6 Rcc7 32. Rbb2 Rcd7 33. Rdc2 Re5 34. Rc3 Kd8 35. Re3 Rxe3 36. Kxe3 Kc7 37. Rc2 Re7+ 38. Kd4 Re4+ 39. Kd3 Re5 40. Kd4 f6 41. Rb2 b6 42. Bd3 Be4 43. Be2 Kc6 44. Rd2 Re7 45. Rb2 Rd7+ 46. Ke3 Re7 47. Kd4 Re5 48. Rd2 Rc5 49. Rb2 Kc7 50. Rd2 Bc6 51. Rb2 Re5 52. Bd3 Re8 53. Kc3 h5 54. Kd2 Be4 55. Be2 Bc6 56. Bd3 Rh8 57. h4 Re8 58. Be2 Re5 59. Bd3 Bf3 60. Bf1 g5 61. Rb3 Bg4 62. Bd3 gxh4 63. gxh4 f4 64. Rb1 f3 65. Rf1 Kc6 66. a4 f5 67. Rf2 Kc5 68. Rf1 f4 69. Rf2 Kb4 70. Rf1 Re3 71. Rb1+ Kc5 72. Kc3 Rxd3+ 0-1

[Event "Canadian op U2200"]
[Site "Sault Ste Marie"]
[Date "2017.07.11"]
[Round "1"]
[White "Kuttner, Simon"]
[Black "Villeneuve, Robert"]
[Result "1-0"]
[WhiteElo "2040"]
[BlackElo "1865"]
[PlyCount "57"]
[EventDate "2017.07.11"]
[EventType "swiss"]
[EventRounds "9"]
[EventCountry "CAN"]
[SourceTitle "EXT 2022"]
[Source "ChessBase"]
[SourceDate "2021.10.06"]
[SourceVersion "1"]
[SourceVersionDate "2021.10.06"]
[SourceQuality "1"]

1. e4 e6 2. d4 d5 3. exd5 exd5 4. Nf3 Bd6 5. c4 Nf6 6. Nc3 0-0 7. cxd5 Re8+ 8. Be2 h6 9. 0-0 a6 10. a4 a5 11. h3 Na6 12. Bb5 Bd7 13. Qb3 Nb4 14. Be3 Bxb5 15. axb5 Nbxd5 16. Nxd5 Nxd5 17. Bd2 Bb4 18. Bxb4 Nxb4 19. Qc4 Nd5 20. Rfe1 Rxe1+ 21. Rxe1 Qd6 22. Re5 Rd8 23. Qa2 b6 24. Qc4 Nf4 25. Qb3 Ne6 26. Qe3 Nxd4 27. Re8+ Rxe8 28. Qxe8+ Kh7 29. Qe4+ 1-0

[Event "CAN-ch U14"]
[Site "Ottawa"]
[Date "2013.07.10"]
[Round "1"]
[White "Kuttner, Simon"]
[Black "Laframboise, Ian"]
[Result "1-0"]
[WhiteElo "1877"]
[BlackElo "1013"]
[PlyCount "65"]
[EventDate "2013.07.10"]
[EventType "swiss"]
[EventRounds "6"]
[EventCountry "CAN"]
[SourceTitle "EXT 2022"]
[Source "ChessBase"]
[SourceDate "2021.10.06"]
[SourceVersion "1"]
[SourceVersionDate "2021.10.06"]
[SourceQuality "1"]

1. e4 c6 2. d4 d5 3. Nc3 f5 4. exf5 Bxf5 5. Bd3 Bxd3 6. Qxd3 Nf6 7. Nf3 e6 8. 0-0 Nbd7 9. Re1 Qe7 10. Ng5 e5 11. dxe5 Nxe5 12. Qg3 Nh5 13. Qxe5 Qxe5 14. Rxe5+ Be7 15. Ne6 Kd7 16. Rxh5 Kxe6 17. Ne2 Rae8 18. Nd4+ Kd7 19. Be3 Bc5 20. c3 Re4 21. Nc2 Rhe8 22. Bxc5 Re2 23. Ne3 b6 24. Ba3 c5 25. Rxd5+ Kc6 26. Rg5 g6 27. Rd1 Kc7 28. Kf1 R2xe3 29. fxe3 Rxe3 30. Rgd5 Re7 31. b4 cxb4 32. Bxb4 Kc6 33. Bxe7 1-0

[Event "CAN-ch U14"]
[Site "Vancouver"]
[Date "2012.07.05"]
[Round "6"]
[White "Kuttner, Simon"]
[Black "Herdin, Matthew"]
[Result "0-1"]
[WhiteElo "1777"]
[BlackElo "1923"]
[PlyCount "94"]
[EventDate "2012.07.03"]
[EventType "swiss"]
[EventRounds "7"]
[EventCountry "CAN"]
[SourceTitle "EXT 2022"]
[Source "ChessBase"]
[SourceDate "2021.10.06"]
[SourceVersion "1"]
[SourceVersionDate "2021.10.06"]
[SourceQuality "1"]

1. e4 d6 2. d4 Nf6 3. Nc3 g6 4. Nf3 Bg7 5. Be2 0-0 6. Be3 c6 7. 0-0 b5 8. a3 Bb7 9. Re1 Nbd7 10. Qd2 a6 11. Rad1 Qc7 12. Bh6 Rad8 13. Bxg7 Kxg7 14. Qe3 e5 15. dxe5 Nxe5 16. Nxe5 dxe5 17. b4 Rxd1 18. Rxd1 Rd8 19. Rxd8 Qxd8 20. Qd3 Qd4 21. Bf3 c5 22. bxc5 Qxc5 23. Ne2 Ne8 24. Qc3 Qxc3 25. Nxc3 Nd6 26. Kf1 Nc4 27. Nb1 f5 28. exf5 Bxf3 29. gxf3 gxf5 30. Kg2 a5 31. Kg3 f4+ 32. Kg2 Kf6 33. Kf1 b4 34. axb4 axb4 35. c3 b3 36. Ke2 Ke6 37. Kd3 Kd5 38. Ke2 e4 39. fxe4+ Kxe4 40. f3+ Kd5 41. Ke1 b2 42. Ke2 Ne5 43. Nd2 Kc5 44. Kd1 Nxf3 45. Nb1 Ne5 46. Kc2 Nc4 47. Kd3 f3 0-1

[Event "CAN-ch U14"]
[Site "Vancouver"]
[Date "2012.07.03"]
[Round "2"]
[White "Kuttner, Simon"]
[Black "Plotkin, Mark"]
[Result "0-1"]
[WhiteElo "1777"]
[BlackElo "1976"]
[PlyCount "94"]
[EventDate "2012.07.03"]
[EventType "swiss"]
[EventRounds "7"]
[EventCountry "CAN"]
[SourceTitle "EXT 2022"]
[Source "ChessBase"]
[SourceDate "2021.10.06"]
[SourceVersion "1"]
[SourceVersionDate "2021.10.06"]
[SourceQuality "1"]

1. e4 c5 2. Nc3 e6 3. g3 d5 4. exd5 exd5 5. Bg2 Nf6 6. Nf3 Be7 7. d4 c4 8. 0-0 0-0 9. h3 a6 10. a4 Nc6 11. Be3 h6 12. Re1 Be6 13. Ne2 b5 14. axb5 axb5 15. Qd2 Ne4 16. Qc1 Rxa1 17. Qxa1 g5 18. Nd2 Nxd2 19. Bxd2 Qd7 20. Kh2 Bf6 21. Be3 b4 22. Rf1 Bg7 23. c3 b3 24. f4 g4 25. h4 f5 26. Qa3 Bf7 27. Re1 Re8 28. Bd2 Qb7 29. Qa1 Ra8 30. Qb1 Qd7 31. Be3 Kh8 32. Qd1 Ne7 33. Qd2 Ng8 34. Rb1 Nf6 35. Qc1 Qe7 36. Kg1 Re8 37. Kf2 Ne4+ 38. Bxe4 Qxe4 39. Ng1 Qh1 40. Qe1 Qh2+ 41. Kf1 Qc2 42. Ra1 Qxb2 43. Rb1 Qc2 44. Rc1 Qd3+ 45. Kf2 b2 46. Rd1 Rxe3 47. Qxe3 Qxd1 0-1

[Event "North American-ch U12"]
[Site "Montreal"]
[Date "2010.08.19"]
[Round "7"]
[White "Graif, William"]
[Black "Kuttner, Simon"]
[Result "1-0"]
[WhiteElo "1903"]
[BlackElo "1326"]
[PlyCount "57"]
[EventDate "2010.08.16"]
[EventType "swiss"]
[EventRounds "7"]
[EventCountry "CAN"]
[SourceTitle "EXT 2013"]
[Source "ChessBase"]
[SourceDate "2012.11.22"]
[SourceVersion "1"]
[SourceVersionDate "2012.11.22"]
[SourceQuality "1"]

1. e4 c5 2. Nf3 Nc6 3. d4 cxd4 4. Nxd4 g6 5. Nc3 Bg7 6. Be3 Nf6 7. Be2 0-0 8. Nb3 d6 9. 0-0 Bd7 10. f4 Rc8 11. Qe1 Ng4 12. Bxg4 Bxg4 13. Qh4 Bd7 14. Rf3 Bf6 15. Qh6 Bg7 16. Qh4 Bf6 17. Qf2 b6 18. Qd2 Be6 19. Nd4 Nxd4 20. Bxd4 Bxd4+ 21. Qxd4 Qc7 22. f5 Bc4 23. b3 Ba6 24. Nd5 Qd8 25. f6 exf6 26. Nxf6+ Kg7 27. Ne8+ Kh6 28. Rh3+ Qh4 29. Rxh4+ 1-0

[Event "North American-ch U12"]
[Site "Montreal"]
[Date "2010.08.18"]
[Round "6"]
[White "Kuttner, Simon"]
[Black "Gao, Ying Chen"]
[Result "1-0"]
[WhiteElo "1326"]
[BlackElo "1222"]
[PlyCount "77"]
[EventDate "2010.08.16"]
[EventType "swiss"]
[EventRounds "7"]
[EventCountry "CAN"]
[SourceTitle "EXT 2013"]
[Source "ChessBase"]
[SourceDate "2012.11.22"]
[SourceVersion "1"]
[SourceVersionDate "2012.11.22"]
[SourceQuality "1"]

1. e4 e5 2. Nf3 Nc6 3. Bc4 Bc5 4. Nc3 Nf6 5. d3 d6 6. Be3 Bb6 7. Qd2 Na5 8. Bb3 Nxb3 9. axb3 Be6 10. 0-0 0-0 11. Bxb6 axb6 12. Ra3 Rxa3 13. bxa3 d5 14. exd5 Nxd5 15. Nxe5 Qf6 16. Nxd5 Qxe5 17. Nc3 b5 18. Re1 Qc5 19. a4 bxa4 20. Nxa4 Qd6 21. Qe3 Qc6 22. Qc5 Qd7 23. Qe5 Qc6 24. Qc3 Qd6 25. Nc5 Qc6 26. Ne4 Qxc3 27. Nxc3 c6 28. f3 Ra8 29. Na4 Kf8 30. Kf2 b5 31. Nc3 Ke7 32. Ke3 Kd6 33. Kd4 c5+ 34. Ke3 b4 35. Na4 Re8 36. Kd2 Rd8 37. Re3 Kd5 38. Nb6+ Kd4 39. Re4# 1-0